Kras a jaskyne výskum, využívanie a ochrana : vedecká konferencia k 75. narodeninám RNDr. Antona Droppu, CSc. : zborník referátov

Bibliographic Details
Main Author: Lalkovič, Marcel, 1944-2016 (Adapter)
Format: Book
Language:Slovak
PhysicalDescription:141 s. fotogr., mp., tab. 30 cm
Published: Liptovský Mikuláš Slovenské múzeum ochrany prírody a jaskyniarstva 1996
ISBN:8096762702
Subjects:

MARC

LEADER 00000cam a2200000 a 4500
001 vtls001282146
003 SK-MaSNL
005 20260301004326.0
008 250414s1996 xo ba rd 100 0 slo
015 |a SNBA1997/0701975 
020 |a 8096762702 
035 |a SNK000233583 
035 |a urn:nbn:sk:snk-amjslo 
035 |a urn:nbn:sk:snk:ar-a0b9qa 
035 |a c7b0c98d-23a2-42e2-af01-db5801e00624 
040 |a SNK  |b slo  |c SNK  |e AACR2 
041 0 |a slo 
044 |a xo  |c SK 
080 |a 551.44(082)  |2 1981 
245 0 0 |a Kras a jaskyne  |b výskum, využívanie a ochrana : vedecká konferencia k 75. narodeninám RNDr. Antona Droppu, CSc. : zborník referátov  |c [editor: Marcel Lalkovič] 
260 |a Liptovský Mikuláš  |b Slovenské múzeum ochrany prírody a jaskyniarstva  |c 1996 
300 |a 141 s.  |b fotogr., mp., tab.  |c 30 cm 
500 |a Čiast. text čes. 
500 |a Údaj o edit. prevzatý z rubu tit. strany 
504 |a Bibliogr. odkazy. Res. angl. a nem. 
650 0 7 |a jaskyne  |2 SNK  |9 20772 
650 0 7 |a kras  |2 SNK  |9 24815 
655 7 |a zborníky konferencií  |2 SNKPH  |9 70153 
655 7 |a issue_zb  |2 SNK  |9 276493 
700 1 |a Lalkovič, Marcel,  |d 1944-2016  |4 adp  |9 216382 
700 1 |a Droppa, Anton,  |d 1920-2013  |4 oth  |9 86801 
852 |a Slovenská národná knižnica 
919 |a 80-967627-0-2 
954 |a odborná, vedecká literatúra pôvodná (slovenská)  |2 lita 
954 |a odborná, vedecká literatúra cudzojazyčná (svetová)  |2 lita 
958 |a OND 
958 |a ART 
958 |a TL 
958 |a NB 
958 |a EUIPO 
999 |c 541810  |d 543740 
952 |t P60, <09>, [BOOK], {629}  |a SNK  |b SNK  |y NEVYP  |7 0  |o snkB 425  |i snk1540/970410  |0 0  |1 0  |4 0  |d 1997-04-09  |l 0  |r 2005-01-02 00:00:00  |w 2026-02-23 
952 |t P60, <03>, [BOOK], {603}  |a SNK  |b SNK  |y PREZ  |7 0  |p 17A0054570  |o snkSB 56790  |i snkKSP 3512/97  |0 0  |1 0  |4 0  |d 1997-04-09  |f 1  |l 0  |r 2025-04-02 00:00:00  |w 2026-02-23 
952 |t P60, <04>, [BOOK], {604}  |a SNK  |b SNK  |y VYP  |7 0  |p 17A0054571  |o snkSB 56790 D1  |i snkKSP 3513/97  |0 0  |1 0  |4 0  |d 1997-04-09  |l 0  |r 2005-01-02 00:00:00  |w 2026-02-23